Affordable housing supply (Record no. 108373)
[ view plain ]
| 000 -LEADER | |
|---|---|
| fixed length control field | 01385cad a22002175a 4500 |
| 001 - CONTROL NUMBER | |
| control field | L144066 |
| 008 - FIXED-LENGTH DATA ELEMENTS--GENERAL INFORMATION | |
| fixed length control field | 080613s2008 xxk f s f000 0 eng d |
| 035 ## - SYSTEM CONTROL NUMBER | |
| System control number | (Sirsi) u144066 |
| 041 0# - LANGUAGE CODE | |
| Language code of text/sound track or separate title | eng |
| 110 1# - MAIN ENTRY--CORPORATE NAME | |
| Corporate name or jurisdiction name as entry element | United Kingdom |
| Subordinate unit | Department for Communities and Local Government |
| 9 (RLIN) | 4939 |
| 245 00 - TITLE STATEMENT | |
| Title | Affordable housing supply |
| Remainder of title | England 2006/2007 |
| Medium | [electronic resource] |
| 260 ## - PUBLICATION, DISTRIBUTION, ETC. | |
| Place of publication, distribution, etc. | London |
| Name of publisher, distributor, etc. | DCLG |
| Date of publication, distribution, etc. | 2008 |
| 490 ## - SERIES STATEMENT | |
| Series statement | DCLG Statistical Release |
| Volume/sequential designation | Affordable Housing Supply England, 2006/2007 |
| 520 ## - SUMMARY, ETC. | |
| Summary, etc. | The key finding of this release is that 44 330 additional affordable homes were supplied in England in 2006/07, slightly less than in 2005/2006. By region, most affordable homes were created in London and the South East, with fewest in the North East. Reports that nearly 25 000 new affordable homes were supplied to the social rented sector in 2006/07. The Housing Corporation funded new build represented 70% of additional affordable homes supply in 2006/2007, up from 62% the previous year. Acquisitions by the Housing Corporation represented another 12% of gross additional supply in 2006/2007. |
| 590 ## - LOCAL NOTE (RLIN) | |
| Local note | KA NTK |
| 650 24 - SUBJECT ADDED ENTRY--TOPICAL TERM | |
| Topical term or geographic name entry element | Affordable housing |
| 9 (RLIN) | 6215 |
| 651 #4 - SUBJECT ADDED ENTRY--GEOGRAPHIC NAME | |
| Geographic name | England |
| Chronological subdivision | 886- |
| 690 ## - LOCAL SUBJECT ADDED ENTRY--TOPICAL TERM (OCLC, RLIN) | |
| Topical term or geographic name as entry element | Planning and development |
| 9 (RLIN) | 6259 |
| 856 40 - ELECTRONIC LOCATION AND ACCESS | |
| Uniform Resource Identifier | <a href="https://www.communities.gov.uk/documents/housing/pdf/840246.pdf">https://www.communities.gov.uk/documents/housing/pdf/840246.pdf</a> |
| Public note | View the item free of charge at www.communities.gov.uk |
| 942 ## - ADDED ENTRY ELEMENTS (KOHA) | |
| Suppress in OPAC | 0 |
| Withdrawn status | Lost status | Source of classification or shelving scheme | Damaged status | Not for loan | Home library | Current library | Shelving location | Date acquired | Total Checkouts | Full call number | Barcode | Date last seen | Copy number | Price effective from | Koha item type |
|---|---|---|---|---|---|---|---|---|---|---|---|---|---|---|---|
| Dewey Decimal Classification | Virtual | Virtual | Online | 13/06/2008 | ONLINE PUBLICATION | 144066-2001 | 06/08/2019 | 1 | 06/08/2019 | Book |